MDQL
is popping MORE tags! Check the
thread
!
Quizzes
Events
Quiz Creation
Community
Videos
Private Events
Remove Ads
Sign In
Join for FREE
Feedback
Dark Mode
Quiz Categories
Sports
Geography
Music
Movies
Television
Just For Fun
Miscellaneous
History
Literature
Language
Science
Gaming
Entertainment
Religion
Holiday
For Kids
Quiz Lab
Recent
Popular Today
Quiz Kudos Today
Editor Picks
Curator Picks
Quizzes by...
Day
Popularity
Type
Ratings
Length
Year
Community
Subscriptions
Recent Discussions
Orange Saloon
Badges
Playlists
Quests
Create
Leaderboards
Showdown
Live 5
Trivia Bingo
Activity
Puzzle Library
Sporcle Events
Private Events
Virtual Trivia
Globe League
Become a Host
Pub Owners
SporcleCon
Opinionation
Our Games
Videos
Blog
Mobile Apps
Partnerships
Remove Ads and Go Orange
Feedback
Geography
Country
Landmarks
City
State
Population
World
Capital
Continent
Flags
Europe
Africa
Asia
South America
North America
Oceania
Border
Canada
United Kingdom
Topography
United States
Geography
Country
Landmarks
City
State
Population
World
Capital
Continent
Flags
Europe
Africa
Asia
South America
North America
Oceania
Border
Canada
United Kingdom
Topography
United States
Random Quiz
Search Sporcle
×
Quiz Lab
Quiz Lab
Geography
Type in answers that appear in a list
Type in answers that appear in a list
Classic
Best Score? Go Orange.
The Island Quiz Stats
Can you name the Island linked questions??
By
chriswren96
4m
20 Questions
339 Plays
339 Plays
339 Plays
Comments
Comments
Give Quiz Kudos
Give Quiz Kudos
-
- Ratings
hide this ad
More Info
Forced Order
Answers have to be entered in order
Answers have to be entered in order
Replay
Link that replays current quiz
Next Quiz
Link to next quiz in quiz playlist
You Got
0%
They Got
Avg Score
53%
Avg Friend Score
Upgrade to see
Score Distribution
Jump to the score distribution portion of the page
Score
0/20
Timer
04:00
0
Plays Today
Clue
Answer
% Correct
This Oceanic island is famous for its devil.
Tasmania
77.9%
Which island nation is referred to as the 'Land of the Rising Sun'?
Japan
77.6%
What is the world's smallest island nation?
Nauru
75.2%
The Arabian Peninsula is home to this island nation.
Bahrain
74.6%
Say shells.
Seychelles
63.1%
Sulawesi is an island part of which Asian nation?
Indonesia
61.4%
Which Atlantic island was named after Helena of Constantinople?
Saint Helena
61.4%
A gold image of this island on a white background is the flag of which country?
Cyprus
61.4%
Suva is the capital of this island nation.
Fiji
60.8%
Indonesia, Malaysia, and Brunei all share which South East Asian island?
Borneo
56.3%
Clue
Answer
% Correct
What is the most densely populated island nation?
Singapore
55.2%
Which island is the title of a 2005 Dreamworks film?
Madagascar
54.3%
This island is best known for its monolithic Moai.
Easter Island
53.1%
What is the smallest island nation in the Caribbean?
St.Kitts and Nevis
48.7%
The highest point of this island nation is the lowest of any world territory.
Maldives
48.4%
After Japan, what is the most populated Buddist island nation?
Sri Lanka
45.7%
Birkirkara is the largest and most populous city of which European island?
Malta
43.1%
In what country would you find the 'Phi Phi Islands'?
Thailand
28%
Which island nation has eight time zones?
UK
27.1%
This island nation has the most Nobel Laureates per captia.
Saint Lucia
6.5%
Quiz Playlist
Details
Report
Send in Message
Add To Playlist
More Info:
If every man is an island, you should find this easy!
Classic:
Type in answers that appear in a list
Forced Order:
Answers have to be entered in order
Last Updated: Feb 16, 2017
Quiz Scoreboard
CHALLENGE
Sign Up to Join the Scoreboard
Show All
Scores
Hide
Comments
May contain spoilers
Recently Published
Holiday 10x10 Sorting Gallery
by lukepisani3
Holiday
15m
Two Season TV Shows II
by 123Four
Television
10m
Image Sorting: Flags VI
by Barbecue
Geography
2m
More to Explore
Quiz From the Vault
Featured Blog Post
14 Easter Pick-up Lines to Find Eggs With
hide this ad
You Might Also Like...
Tags
This quiz does not have any tags.
Today's Top Quizzes in Geography
Browse Geography
hide this ad
Top Contributed Quizzes in Geography
1
Colored Red Europe Blitz I
2
Countries of the World - No Outlines Minefield
3
Colored Red Africa Blitz II
4
Colored Red Europe Blitz II
5
Colored Red Europe Blitz III
6
Colored Red Africa Blitz III
7
Colored Red States Blitz I
8
Colored Red States Blitz II
9
A Different View: World Oceans
10
Colored Red States Blitz III
Explore More
Trending Topics
NBA
Harry Potter
Disney
Marvel
Crossword
Anime
Kpop
Country
Pokémon
The Office
Song
Soccer
Puzzle
WWE
NFL
hide this ad
More By:
chriswren96
Quiz
Plays
Rating
Category
Featured
Created
Flag Emblems
142,017
4.61
Geography
Oct 11, 2011
Flag Clash
47,177
4.34
Geography
Nov 13, 2010
Flag clash
2,364
4.22
Geography
Aug 15, 2010
Words in countries
750
4.50
Geography
Nov 5, 2009
Words in capitals
475
3.94
Geography
Dec 4, 2009
Go to Creator's Profile
Score Distribution
Quiz Creator Spotlight
chriswren96
Follow
Send a Message
Quizzes Created
-
Created Quiz Play Count
-
More By This Creator
Popular Quizzes Today
1
Find the US States - No Outlines Minefield
2
Colored Red Africa Blitz
3
Find the 'City' Movie
4
The Countries of the World
5
5x2 Blitz: Bands
6
Find the Countries of Europe - No Outlines Minefield
7
Find the US States
8
US States
More Geography Quizzes
Pixel Art - NA, SA, or Oc. Flag #8
Curator's Pick
Trending Quizzes
Colored Red Europe Blitz I
Colored Red Africa Blitz II
Colored Red Europe Blitz II
Even More Two Season TV Shows
Colored Red Africa Blitz III
Recently Updated
Quick Pick: 20 Twenties
pecheneg
March Madness Men's Triple Doubles
pecheneg
How Do You Spell That?
pecheneg
Godzilla Movies
pecheneg
Grab Bag: 4-10 Letters
pecheneg
2024 March Madness Bracket
pecheneg
Famous TV Couples
Peacemaker
Champions League XIs: Real Madrid
pecheneg
Largest US Cities 1790-2010
pecheneg
Rides in Walt Disney World
pecheneg
Trending Topics
Harry Potter
Crossword
Disney
NBA
Marvel
Kpop
Anime
Country
The Office
WWE
NFL
Pokémon
Puzzle
Song
Soccer
Your Account Isn't Verified!
In order to create a playlist on Sporcle, you need to verify the email address you used during registration. Go to your
Sporcle Settings
to finish the process.
Report this User
Report this user for behavior that violates our
Community Guidelines
.
Details:
Send Report
Go to the Sporcle.com Mobile Site →
Comments